00878naa a2200205 i 45000010005000000030009000050050017000140080039000310400008000700800010000780800009000881000135000972450115002325000026003476550030003736500029004036500016004327110097004487730127005456637KOSZ 00520190610114406.0140711s1988 pl f |100 0 pol cBPK a621.9 a(06)10aPLICHTA, Jarosław.d1973 - 1996.bWyższa Szkoła Inżynierska w Koszalinie - Wydział Mechaniczny,cZakład Technologii Maszyn aWpływ zużycia ściernicy na niestacjonarność topografii jej powierzchni roboczej /cJarosław Plichta. aDane z kartoteki bpp. 0aMateriały konferencyjne. 0aInżynieria powierzchni 0aŚciernica22aNaukowa Szkoła Obróbki Ściernejn(10 ;d1987 ;cWrocław - Szklarska Poręba, Polska).0 iW :tX Naukowa Szkoła Obróbki Ściernej / red. nauk. Bogusław Dembiński. -dWrocław : Wydaw. PW, 1987. -gs. 17-24